000 00370nab a22001097u 4500
008 130520b2003 xxu||||| |||| 00| 0 spa d
041 _aspa
100 1 _aGanoczy, Alexandre
_917459
245 0 0 _aSobre la eclesiología de las comunidades carismáticas y de la sectas
_cAlexandre Ganoczy
773 0 _tConcilium
_gnº301,2003,págs. 93-108
_x0210-1041
_wRev134
942 _cAR
999 _c365039
_d365039